Gewinner des Ballon d'Or - Sudden Death - Statistiken

Allgemein
  • Dieses Quiz wurde 3.178 mal gespielt
    552 seit der letzten Aktualisierung
  • Das Durchschnittsergebnis liegt bei 11 aus 34
Answers on the Grid
Answers color-coded by a green-red scale on the quiz's grid according to % correct below.
Rodri
Lionel Messi
Karim Benzema
Luka Modrić
Cristiano Ronaldo
Fabio Cannavaro
Ronaldinho
Andrij Ševčenko
Pavel Nedvěd
Ronaldo
Michael Owen
Luís Figo
Rivaldo
Zinédine Zidane
Matthias Sammer
George Weah
Hristo Stoičkov
Roberto Baggio
Marco van Basten
Jean-Pierre Papin
Lothar Matthäus
Ruud Gullit
Johan Cruyff
Michel Platini
Paolo Rossi
Karl-Heinz Rummenigge
Franz Beckenbauer
Gerd Müller
Gianni Rivera
George Best
Ousmane Dembélé
Eusébio
Lev Yashin
Alfredo Di Stéfano
Jude Bellingham
Vinícius Júnior
Erling Haaland
Kylian Mbappé
Kevin De Bruyne
Robert Lewandowski
Virgil van Dijk
Antoine Griezmann
Neymar
Manuel Neuer
Franck Ribéry
Andrés Iniesta
Xavi
Fernando Torres
Thierry Henry
Gianluigi Buffon
Frank Lampard
Steven Gerrard
Deco
Paolo Maldini
Oliver Kahn
Raúl
David Beckham
Davor Šuker
Alan Shearer
Jürgen Klinsmann
Dennis Bergkamp
Éric Cantona
Dejan Savićević
Salvatore Schillaci
Franco Baresi
Frank Rijkaard
Emilio Butragueño
Gary Lineker
Kenny Dalglish
Dino Zoff
Jimmy Greaves
Gigi Riva
Bobby Moore
Giacinto Facchetti
Ferenc Puskás
 
Antwortstatistiken
Antwort % Korrekt
Cristiano Ronaldo
57%
Lionel Messi
52%
Ronaldo
51%
Luka Modrić
49%
Ousmane Dembélé
47%
Karim Benzema
46%
Rodri
46%
Zinédine Zidane
46%
Ronaldinho
45%
Franz Beckenbauer
42%
Johan Cruyff
42%
Lothar Matthäus
42%
Fabio Cannavaro
36%
Marco van Basten
35%
Pavel Nedvěd
34%
Alfredo Di Stéfano
33%
George Weah
33%
Matthias Sammer
31%
Michel Platini
31%
Lev Yashin
29%
Luís Figo
29%
Gerd Müller
28%
Karl-Heinz Rummenigge
27%
Michael Owen
27%
Eusébio
26%
Andrij Ševčenko
25%
Ruud Gullit
24%
Rivaldo
23%
Roberto Baggio
23%
George Best
21%
Hristo Stoičkov
17%
Jean-Pierre Papin
14%
Paolo Rossi
8%
Gianni Rivera
4%
Keine übereinstimmenden Quizze gefunden
Verteilung der Resultate
Anzahl Personen mit jedem Resultat
Perzentil nach korrekt beantworteten Fragen
Ihre Resultats-Entwicklung
Sie haben dieses Quiz seit der letzten Aktualisierung nicht gespielt